| 000 | 00432nam a22001697a 4500 | ||
|---|---|---|---|
| 003 | NUST - PNEC | ||
| 005 | 20170116180928.0 | ||
| 008 | 150904b xxu||||| |||| 00| 0 eng d | ||
| 020 | _a- | ||
| 040 | _cLIBRARY | ||
| 082 | _a621.3 WAT | ||
| 100 |
_97692 _aWatkins, A. J. |
||
| 245 |
_aElectrical installation calculations _cA. J. Watkins |
||
| 260 | _cc.1963 | ||
| 650 |
_97696 _aElectric wiring, Interior _xEL |
||
| 942 |
_2ddc _cBK |
||
| 999 |
_c65806 _d65806 |
||